[Event "Arber op 5th"]
[Site "Bodenmais"]
[Date "2016.08.05"]
[Round "7"]
[White "Hopman, Pieter"]
[Black "Zellner, Richard"]
[Result "1-0"]
[WhiteElo "2363"]
[BlackElo "2045"]
[PlyCount "65"]
[EventDate "2016.07.30"]
[EventType "swiss"]
[EventRounds "9"]
[EventCountry "GER"]
[SourceTitle "CBM 173 Extra"]
[Source "ChessBase"]
[SourceDate "2016.08.29"]
[SourceVersion "1"]
[SourceVersionDate "2016.08.29"]
[SourceQuality "1"]

1. d4 Nf6 2. c4 g6 3. Nc3 Bg7 4. e4 d6 5. h3 c5 6. d5 a6 7. a4 0-0 8. Nf3 e6 9. Bd3 Nbd7 10. 0-0 Re8 11. Rb1 Nh5 12. g4 Nhf6 13. Bf4 exd5 14. exd5 Ne5 15. Nxe5 dxe5 16. Bg5 h6 17. Bh4 Qd6 18. f3 Bd7 19. Qd2 Nh7 20. Ne4 Qc7 21. Bf2 Bf8 22. b4 cxb4 23. c5 a5 24. Bc4 Qd8 25. Bb3 f5 26. Ng3 Ng5 27. Kg2 Qf6 28. Bg1 Kh7 29. h4 Nf7 30. h5 e4 31. fxe4 Qc3 32. hxg6+ Kxg6 33. gxf5+ 1-0

[Event "Arber op 3rd"]
[Site "Bayerisch Eisenstein"]
[Date "2014.08.24"]
[Round "9"]
[White "Jenisch, Achim"]
[Black "Zellner, Richard"]
[Result "0-1"]
[WhiteElo "1830"]
[BlackElo "2143"]
[PlyCount "88"]
[EventDate "2014.08.16"]
[EventType "swiss"]
[EventRounds "9"]
[EventCountry "GER"]
[SourceTitle "CBM 161 Extra"]
[Source "ChessBase"]
[SourceDate "2014.08.29"]
[SourceVersion "1"]
[SourceVersionDate "2014.08.29"]
[SourceQuality "1"]

1. d4 Nf6 2. c4 g6 3. Nc3 Bg7 4. e4 d6 5. Be2 0-0 6. Bg5 c5 7. d5 a6 8. Qd2 b5 9. cxb5 axb5 10. Bxb5 Qb6 11. Bd3 Ba6 12. Bxa6 Nxa6 13. Rb1 c4 14. a3 Nc5 15. Be3 Rfb8 16. Bxc5 Qxc5 17. Nge2 Rb3 18. 0-0 Rab8 19. Rfd1 Ng4 20. Rf1 Qb6 21. Qg5 h5 22. h3 Bf6 23. Qc1 Ne5 24. Na4 Qa7 25. Nac3 Nd3 26. Qh6 Rxb2 27. g4 Rxb1 28. Nxb1 Nxf2 29. Rxf2 Rxb1+ 30. Kg2 hxg4 31. hxg4 Qd7 32. Qh3 c3 33. Qf3 g5 34. Nxc3 Rb3 35. Rc2 Qc8 36. a4 Rxc3 37. Rxc3 Qxc3 38. Qf5 Qc2+ 39. Kf3 Qxa4 40. Ke3 Qd4+ 41. Kf3 Qd3+ 42. Kg2 Qe2+ 43. Kh3 Kg7 44. e5 Qxe5 0-1

[Event "Arber op 3rd"]
[Site "Bayerisch Eisenstein"]
[Date "2014.08.20"]
[Round "5"]
[White "Zellner, Richard"]
[Black "Voelz, Stephan"]
[Result "1/2-1/2"]
[WhiteElo "2143"]
[BlackElo "1946"]
[PlyCount "87"]
[EventDate "2014.08.16"]
[EventType "swiss"]
[EventRounds "9"]
[EventCountry "GER"]
[SourceTitle "CBM 161 Extra"]
[Source "ChessBase"]
[SourceDate "2014.08.29"]
[SourceVersion "1"]
[SourceVersionDate "2014.08.29"]
[SourceQuality "1"]

1. Nf3 Nf6 2. c4 e6 3. Nc3 d5 4. d4 c6 5. e3 Nbd7 6. Bd3 dxc4 7. Bxc4 Bd6 8. e4 e5 9. 0-0 0-0 10. Bg5 Qe7 11. Re1 Nb6 12. Bb3 Bg4 13. dxe5 Bxe5 14. h3 Rad8 15. Qe2 Bxf3 16. Qxf3 Rd6 17. Rad1 Rfd8 18. Rxd6 Rxd6 19. Qe2 h6 20. Bc1 Rd8 21. f4 Bd4+ 22. Kh1 Bxc3 23. bxc3 Qc5 24. e5 Nfd5 25. e6 fxe6 26. Qxe6+ Kh8 27. f5 Qxc3 28. Bxh6 Qf6 29. Bc1 Qxe6 30. Rxe6 c5 31. Bg5 Rc8 32. Bc2 c4 33. h4 Nb4 34. Be4 N6d5 35. h5 c3 36. Bxd5 Nxd5 37. Rd6 Nf6 38. h6 c2 39. hxg7+ Kh7 40. Rxf6 c1Q+ 41. Bxc1 Rxc1+ 42. Kh2 Kxg7 43. Rd6 Rc2 44. a4 1/2-1/2

[Event "Arber op 3rd"]
[Site "Bayerisch Eisenstein"]
[Date "2014.08.19"]
[Round "4"]
[White "Forgach, Andreas"]
[Black "Zellner, Richard"]
[Result "1/2-1/2"]
[WhiteElo "1909"]
[BlackElo "2143"]
[PlyCount "55"]
[EventDate "2014.08.16"]
[EventType "swiss"]
[EventRounds "9"]
[EventCountry "GER"]
[SourceTitle "CBM 161 Extra"]
[Source "ChessBase"]
[SourceDate "2014.08.29"]
[SourceVersion "1"]
[SourceVersionDate "2014.08.29"]
[SourceQuality "1"]

1. e4 c5 2. Nf3 d6 3. d4 cxd4 4. Nxd4 Nc6 5. Nc3 e6 6. Bc4 Nf6 7. Bb3 Be7 8. 0-0 0-0 9. Be3 Bd7 10. h3 Qc7 11. f4 Nxd4 12. Bxd4 Bc6 13. e5 dxe5 14. fxe5 Nd7 15. Qe2 Rad8 16. Rae1 Nc5 17. Bf2 Rd7 18. Rd1 Rfd8 19. Rxd7 Nxd7 20. Bg3 b5 21. Kh2 Qb6 22. Rd1 Qb7 23. a4 a6 24. axb5 axb5 25. Rd4 b4 26. Ne4 Nxe5 27. Rxd8+ Bxd8 28. Nd6 1/2-1/2

[Event "Arber op 3rd"]
[Site "Bayerisch Eisenstein"]
[Date "2014.08.16"]
[Round "1"]
[White "Schulz, Gerhard1111"]
[Black "Zellner, Richard"]
[Result "1-0"]
[WhiteElo "1792"]
[BlackElo "2143"]
[PlyCount "83"]
[EventDate "2014.08.16"]
[EventType "swiss"]
[EventRounds "9"]
[EventCountry "GER"]
[SourceTitle "CBM 161 Extra"]
[Source "ChessBase"]
[SourceDate "2014.08.29"]
[SourceVersion "1"]
[SourceVersionDate "2014.08.29"]
[SourceQuality "1"]

1. d4 Nf6 2. Nf3 g6 3. Nc3 d5 4. Bf4 Bg7 5. e3 0-0 6. Bd3 c5 7. 0-0 cxd4 8. exd4 Bg4 9. h3 Bxf3 10. Qxf3 Nc6 11. Ne2 Qb6 12. c3 Rad8 13. Rfb1 Rfe8 14. Ng3 e5 15. dxe5 Nxe5 16. Bxe5 Rxe5 17. Qf4 Re6 18. Qd2 Ne4 19. Bxe4 dxe4 20. Qe2 f5 21. Rd1 Red6 22. Rxd6 Qxd6 23. Nf1 Bh6 24. Ne3 Qe6 25. Rd1 Rxd1+ 26. Qxd1 Qxa2 27. Qd8+ Bf8 28. Nd5 Qxb2 29. Nf6+ Kf7 30. Nxh7 Qc1+ 31. Kh2 Qf4+ 32. Kg1 Qd6 33. Ng5+ Kg8 34. Qc8 Qc6 35. Qd8 Kg7 36. h4 f4 37. Qd4+ Kg8 38. Qxa7 e3 39. Qa2+ Kh8 40. Qf7 exf2+ 41. Kxf2 Bc5+ 42. Ke1 1-0

[Event "Regionalliga SW 1112"]
[Site "Bayern"]
[Date "2012.03.18"]
[Round "8.2"]
[White "Haizmann, Thomas"]
[Black "Zellner, Richard"]
[Result "1/2-1/2"]
[WhiteElo "2159"]
[BlackElo "2099"]
[PlyCount "74"]
[EventDate "2011.10.02"]
[EventType "team-tourn"]
[EventRounds "9"]
[EventCountry "GER"]
[SourceTitle "EXT 2015"]
[Source "ChessBase"]
[SourceDate "2014.11.20"]
[SourceVersion "1"]
[SourceVersionDate "2014.11.20"]
[SourceQuality "1"]
[WhiteTeam "Muenchen Siemens"]
[BlackTeam "Schwabing SG Nord"]
[WhiteTeamCountry "GER"]
[BlackTeamCountry "GER"]

1. d4 g6 2. c4 Bg7 3. Nc3 Nf6 4. e4 d6 5. Nf3 0-0 6. Be2 e5 7. Be3 exd4 8. Nxd4 Re8 9. f3 Nc6 10. 0-0 Nh5 11. f4 Nf6 12. Bf3 Ng4 13. Bxg4 Bxg4 14. Nxc6 Qd7 15. Qd3 bxc6 16. Bd4 f5 17. exf5 Bxf5 18. Qd2 Bh6 19. Rae1 Re6 20. Rxe6 Qxe6 21. b3 c5 22. Bf2 Rf8 23. g3 Bg7 24. Re1 Bxc3 25. Qxc3 Be4 26. Re2 c6 27. Be3 Qg4 28. Rf2 Re8 29. Bc1 d5 30. cxd5 cxd5 31. Bb2 d4 32. Qc4+ Re6 33. Qxc5 Bd3 34. Qc8+ Kf7 35. Qd7+ Kg8 36. Qd8+ Kf7 37. Qd7+ Kg8 1/2-1/2

[Event "Regionalliga SW 1112"]
[Site "Bayern"]
[Date "2012.02.05"]
[Round "6.2"]
[White "Kostic, Vladimir G"]
[Black "Zellner, Richard"]
[Result "1-0"]
[WhiteElo "2379"]
[BlackElo "2099"]
[PlyCount "59"]
[EventDate "2011.10.02"]
[EventType "team-tourn"]
[EventRounds "9"]
[EventCountry "GER"]
[SourceTitle "EXT 2013"]
[Source "ChessBase"]
[SourceDate "2012.11.22"]
[SourceVersion "1"]
[SourceVersionDate "2012.11.22"]
[SourceQuality "1"]
[WhiteTeam "Muenchen Suedost"]
[BlackTeam "Schwabing SG Nord"]
[WhiteTeamCountry "GER"]
[BlackTeamCountry "GER"]

1. e4 e5 2. Nf3 Nc6 3. Bc4 Nf6 4. d3 g6 5. Ng5 d5 6. exd5 Nxd5 7. Qf3 Be6 8. Nxe6 fxe6 9. 0-0 Bg7 10. Bb5 Rf8 11. Bxc6+ bxc6 12. Qh3 Kf7 13. Nc3 Nxc3 14. bxc3 Qd5 15. c4 Qd6 16. Rb1 Kg8 17. Bh6 Bxh6 18. Qxh6 Rf4 19. Qh3 e4 20. Rbe1 exd3 21. Rxe6 Qd4 22. Re7 Rf7 23. Rxf7 Kxf7 24. Qxh7+ Kf6 25. cxd3 Qxd3 26. Qh4+ Kf5 27. h3 Rd8 28. Re1 Qd4 29. Qe7 Rd6 30. Re3 1-0

[Event "Regionalliga SW 1112"]
[Site "Bayern"]
[Date "2011.10.23"]
[Round "2.2"]
[White "Gallmeier, Eike"]
[Black "Zellner, Richard"]
[Result "0-1"]
[WhiteElo "1888"]
[BlackElo "2099"]
[PlyCount "74"]
[EventDate "2011.10.02"]
[EventType "team-tourn"]
[EventRounds "9"]
[EventCountry "GER"]
[SourceTitle "EXT 2013"]
[Source "ChessBase"]
[SourceDate "2012.11.22"]
[SourceVersion "1"]
[SourceVersionDate "2012.11.22"]
[SourceQuality "1"]
[WhiteTeam "Kaufbeuren"]
[BlackTeam "Schwabing SG Nord"]
[WhiteTeamCountry "GER"]
[BlackTeamCountry "GER"]

1. e4 e5 2. Nf3 Nc6 3. d3 Bc5 4. g3 Nge7 5. Bg2 d6 6. 0-0 f5 7. c3 fxe4 8. dxe4 Bg4 9. h3 Be6 10. Ng5 Bg8 11. Qh5+ Ng6 12. h4 Qf6 13. Bh3 h6 14. Nf3 Bc4 15. Nbd2 Bxf1 16. Nxf1 0-0 17. Kg2 Qxf3+ 18. Qxf3 Rxf3 19. Kxf3 Rf8+ 20. Ke2 Rxf2+ 21. Kd3 Kf7 22. Bd2 a5 23. a4 Nf4+ 24. gxf4 Rf3+ 25. Ke2 Rxh3 26. f5 Rxh4 27. Kf3 Rh1 28. Kg2 Rg1+ 29. Kh2 h5 30. b4 Bf2 31. b5 Ne7 32. Rd1 g6 33. fxg6+ Nxg6 34. c4 Nf4 35. Bxa5 Rg4 36. Kh1 b6 37. Be1 Rg1+ 0-1

[Event "Regionalliga SW 1112"]
[Site "Bayern"]
[Date "2011.10.02"]
[Round "1.2"]
[White "Schuetz, Guenter"]
[Black "Zellner, Richard"]
[Result "1-0"]
[WhiteElo "2114"]
[BlackElo "2099"]
[PlyCount "73"]
[EventDate "2011.10.02"]
[EventType "team-tourn"]
[EventRounds "9"]
[EventCountry "GER"]
[SourceTitle "EXT 2013"]
[Source "ChessBase"]
[SourceDate "2012.11.22"]
[SourceVersion "1"]
[SourceVersionDate "2012.11.22"]
[SourceQuality "1"]
[WhiteTeam "Bayern Muenchen III"]
[BlackTeam "Schwabing SG Nord"]
[WhiteTeamCountry "GER"]
[BlackTeamCountry "GER"]

1. f4 g6 2. Nf3 Bg7 3. d3 d5 4. g3 Nc6 5. Bg2 Bg4 6. Nbd2 e6 7. 0-0 Nge7 8. e4 0-0 9. h3 Bxf3 10. Nxf3 dxe4 11. dxe4 Qxd1 12. Rxd1 Rfd8 13. Be3 Bxb2 14. Rxd8+ Nxd8 15. Rd1 Kf8 16. e5 Nd5 17. Bc5+ Kg7 18. c4 Nc3 19. Rd7 Ne4 20. Be7 Nc6 21. Ng5 Nxg5 22. Bxg5 Rc8 23. Kf1 Kf8 24. Ke2 Ke8 25. Rd1 Ba3 26. Rb1 Na5 27. g4 b6 28. Be4 Nxc4 29. Bc6+ Kf8 30. Rd1 Na5 31. Bd7 Rb8 32. Bh6+ Kg8 33. f5 Nc4 34. fxe6 Nxe5 35. Bf4 Nxd7 36. exd7 Be7 37. Bxc7 1-0

[Event "Regionalliga SW 1011"]
[Site "Bayern"]
[Date "2011.03.20"]
[Round "8.2"]
[White "Zellner, Richard"]
[Black "Fischer, Manfred"]
[Result "1-0"]
[WhiteElo "2089"]
[BlackElo "2129"]
[PlyCount "53"]
[EventDate "2010.10.10"]
[EventType "team-tourn"]
[EventRounds "9"]
[EventCountry "GER"]
[SourceTitle "EXT 2012"]
[Source "ChessBase"]
[SourceDate "2011.11.24"]
[SourceVersion "1"]
[SourceVersionDate "2011.11.24"]
[SourceQuality "1"]
[WhiteTeam "Muenchen Schwabing"]
[BlackTeam "Tuerkheim/Bad Woerishofen"]
[WhiteTeamCountry "GER"]
[BlackTeamCountry "GER"]

1. e4 e5 2. Nf3 d6 3. Bc4 Be7 4. d4 Nf6 5. dxe5 Nxe4 6. Qd5 Be6 7. Qxe4 d5 8. Bb5+ c6 9. Qe2 cxb5 10. Qxb5+ Nd7 11. Qxb7 0-0 12. 0-0 Bc5 13. Nc3 d4 14. Ne4 Bc4 15. Bg5 f6 16. exf6 gxf6 17. Bh6 Rf7 18. Nxc5 Nxc5 19. Qb4 Bxf1 20. Qxc5 Ba6 21. Rd1 d3 22. cxd3 Bb7 23. Nh4 Rc8 24. Qh5 Qd5 25. Qg4+ Kh8 26. Re1 Rg8 27. Qxg8+ 1-0

[Event "Regionalliga SW 0910"]
[Site "Bayern"]
[Date "2010.02.07"]
[Round "6.2"]
[White "Zellner, Richard"]
[Black "Antemia, Paul"]
[Result "0-1"]
[WhiteElo "2089"]
[BlackElo "2080"]
[PlyCount "62"]
[EventDate "2009.10.18"]
[EventType "team-tourn"]
[EventRounds "9"]
[EventCountry "GER"]
[SourceTitle "EXT 2011"]
[Source "ChessBase"]
[SourceDate "2010.11.26"]
[SourceVersion "1"]
[SourceVersionDate "2010.11.26"]
[SourceQuality "1"]
[WhiteTeam "Muenchen Schwabing"]
[BlackTeam "Tuerkheim/Bad Woerishofen"]
[WhiteTeamCountry "GER"]
[BlackTeamCountry "GER"]

1. e4 c5 2. Nc3 Nc6 3. Bb5 e6 4. Bxc6 bxc6 5. Nf3 d5 6. 0-0 Nf6 7. d3 Be7 8. Bg5 0-0 9. Qc1 Nd7 10. Bf4 f6 11. h3 e5 12. Bd2 Nb6 13. a4 Be6 14. b3 Qe8 15. Ne2 g5 16. g4 h5 17. Nh2 hxg4 18. hxg4 Qg6 19. Ng3 Rf7 20. c4 Rh7 21. f3 Kf7 22. Be1 Rah8 23. Ra2 Nd7 24. Nf5 Rh3 25. Rg2 Qh7 26. Qc2 Rb8 27. Bg3 d4 28. Rb1 Nf8 29. b4 cxb4 30. c5 Nd7 31. Nxd4 Bxc5 0-1

[Event "Regionalliga SW 0910"]
[Site "Bayern"]
[Date "2010.01.24"]
[Round "5.2"]
[White "Kuhnert, Josef"]
[Black "Zellner, Richard"]
[Result "0-1"]
[WhiteElo "1992"]
[BlackElo "2089"]
[PlyCount "64"]
[EventDate "2009.10.18"]
[EventType "team-tourn"]
[EventRounds "9"]
[EventCountry "GER"]
[SourceTitle "EXT 2011"]
[Source "ChessBase"]
[SourceDate "2010.11.26"]
[SourceVersion "1"]
[SourceVersionDate "2010.11.26"]
[SourceQuality "1"]
[WhiteTeam "Sonthofen"]
[BlackTeam "Muenchen Schwabing"]
[WhiteTeamCountry "GER"]
[BlackTeamCountry "GER"]

1. d4 Nf6 2. c4 c6 3. Nf3 d5 4. Nc3 a6 5. c5 g6 6. Bf4 Bg7 7. h3 0-0 8. e3 Nbd7 9. b4 Nh5 10. Bh2 e5 11. dxe5 Qe7 12. Qd4 a5 13. b5 f6 14. Nxd5 cxd5 15. Qxd5+ Kh8 16. g4 fxe5 17. gxh5 Rxf3 18. Qxf3 e4 19. Qd1 Bc3+ 20. Ke2 Qxc5 21. f3 Qxb5+ 22. Kf2 Qb2+ 23. Be2 exf3 24. Kxf3 b5 25. Qd5 Ra6 26. Bd6 Nf6 27. Qf7 Bf5 28. Qf8+ Ng8 29. hxg6 Bxg6 30. Rhg1 Bg7 31. Rab1 Qc2 32. Rxg6 Qxg6 0-1

[Event "Regionalliga SW 0910"]
[Site "Bayern"]
[Date "2009.11.29"]
[Round "3.3"]
[White "Zellner, Richard"]
[Black "Reimann, Robert"]
[Result "1/2-1/2"]
[WhiteElo "2089"]
[BlackElo "2102"]
[PlyCount "58"]
[EventDate "2009.10.18"]
[EventType "team-tourn"]
[EventRounds "9"]
[EventCountry "GER"]
[SourceTitle "EXT 2011"]
[Source "ChessBase"]
[SourceDate "2010.11.26"]
[SourceVersion "1"]
[SourceVersionDate "2010.11.26"]
[SourceQuality "1"]
[WhiteTeam "Muenchen Schwabing"]
[BlackTeam "Goeggingen"]
[WhiteTeamCountry "GER"]
[BlackTeamCountry "GER"]

1. Nf3 Nf6 2. c4 g6 3. d4 Bg7 4. Bg5 0-0 5. Nc3 d6 6. e3 c6 7. Be2 Nbd7 8. 0-0 h6 9. Bh4 g5 10. Bg3 Nh5 11. Qc2 Nxg3 12. hxg3 e5 13. Rad1 Qe7 14. Bd3 Nb6 15. b3 f5 16. c5 dxc5 17. dxe5 Be6 18. e4 f4 19. gxf4 g4 20. Nd2 Rxf4 21. Ne2 Rff8 22. Nc4 Nd7 23. Ng3 Nxe5 24. Nf5 Bxf5 25. Nxe5 Bxe5 26. exf5 g3 27. Rde1 Rae8 28. Qc4+ Kh8 29. Qe4 gxf2+ 1/2-1/2

[Event "Regionalliga SW 0910"]
[Site "Bayern"]
[Date "2009.11.15"]
[Round "2.4"]
[White "Zellner, Richard"]
[Black "Linke, Stefan"]
[Result "1/2-1/2"]
[WhiteElo "2089"]
[BlackElo "2121"]
[PlyCount "52"]
[EventDate "2009.10.18"]
[EventType "team-tourn"]
[EventRounds "9"]
[EventCountry "GER"]
[SourceTitle "EXT 2011"]
[Source "ChessBase"]
[SourceDate "2010.11.26"]
[SourceVersion "1"]
[SourceVersionDate "2010.11.26"]
[SourceQuality "1"]
[WhiteTeam "Muenchen Schwabing"]
[BlackTeam "Muenchen Suedost"]
[WhiteTeamCountry "GER"]
[BlackTeamCountry "GER"]

1. Nf3 d5 2. c4 c6 3. e3 g6 4. Nc3 Bg7 5. Qa4 dxc4 6. Qxc4 Nf6 7. Qh4 0-0 8. Bc4 Nbd7 9. 0-0 b5 10. Be2 Bb7 11. e4 b4 12. Nd1 Qc7 13. d4 e5 14. dxe5 Nxe5 15. Bf4 Nfd7 16. Ne3 Nxf3+ 17. Bxf3 Ne5 18. Be2 Qa5 19. Rfc1 Ba6 20. Bxe5 Bxe5 21. Bxa6 Qxa6 22. Ng4 Qb5 23. Re1 Rfe8 24. Rad1 h5 25. Nf6+ Bxf6 26. Qxf6 Qe5 1/2-1/2

[Event "Regionalliga SW 0708"]
[Site "Bayern"]
[Date "2008.04.20"]
[Round "9.3"]
[White "Zellner, Richard"]
[Black "Stoer, Andreas"]
[Result "0-1"]
[WhiteElo "2077"]
[BlackElo "2101"]
[PlyCount "76"]
[EventDate "2007.10.21"]
[EventType "team-tourn"]
[EventRounds "9"]
[EventCountry "GER"]
[SourceTitle "EXT 2009"]
[Source "ChessBase"]
[SourceDate "2008.11.26"]
[SourceVersion "1"]
[SourceVersionDate "2008.11.26"]
[SourceQuality "1"]
[WhiteTeam "Muenchen Schwabing"]
[BlackTeam "Kriegshaber"]
[WhiteTeamCountry "GER"]
[BlackTeamCountry "GER"]

1. Nf3 d5 2. c4 Nf6 3. cxd5 Nxd5 4. d4 g6 5. e4 Nb6 6. Be3 Bg7 7. Qd2 0-0 8. Nc3 Nc6 9. Rc1 Bg4 10. d5 Ne5 11. Nxe5 Bxe5 12. Bh6 Re8 13. f4 Bh8 14. f5 e6 15. dxe6 gxf5 16. Qxd8 Raxd8 17. h3 Bh5 18. Be2 Bxe2 19. exf7+ Kxf7 20. Nxe2 Kg6 21. Bf4 Rxe4 22. Kf2 Nd5 23. Rhd1 Rxe2+ 24. Kxe2 Nxf4+ 25. Kf3 Rxd1 26. Rxd1 Ne6 27. b3 Bd4 28. g4 c5 29. Rf1 b5 30. gxf5+ Kxf5 31. Kg3+ Ke4 32. Rf7 c4 33. bxc4 bxc4 34. Re7 c3 35. Rxe6+ Be5+ 36. Kf2 c2 37. Rc6 Kd3 38. Kf3 Bc3 0-1

[Event "Regionalliga SW 0708"]
[Site "Bayern"]
[Date "2007.10.21"]
[Round "1.4"]
[White "Zellner, Richard"]
[Black "Bucan, Djordje"]
[Result "0-1"]
[WhiteElo "2116"]
[BlackElo "2118"]
[PlyCount "44"]
[EventDate "2007.10.21"]
[EventType "team-tourn"]
[EventRounds "9"]
[EventCountry "GER"]
[SourceTitle "EXT 2009"]
[Source "ChessBase"]
[SourceDate "2008.11.26"]
[SourceVersion "1"]
[SourceVersionDate "2008.11.26"]
[SourceQuality "1"]
[WhiteTeam "Muenchen Schwabing"]
[BlackTeam "Muenchen Suedost"]
[WhiteTeamCountry "GER"]
[BlackTeamCountry "GER"]

1. e4 e5 2. Nf3 Nc6 3. Bb5 Nf6 4. d3 d6 5. c4 Be7 6. Nc3 0-0 7. 0-0 Bg4 8. Bxc6 bxc6 9. h3 Bh5 10. g4 Nxg4 11. hxg4 Bxg4 12. Qe2 f5 13. exf5 Rxf5 14. Qe4 Bh3 15. Bd2 Qd7 16. Nd5 Raf8 17. Nxe7+ Qxe7 18. Qh4 R8f6 19. Ng5 Rh6 20. Qxh6 gxh6 21. Nxh3 Qh4 22. Kh2 Rf3 0-1

[Event "Regionalliga SW 0607"]
[Site "Bayern"]
[Date "2007.02.25"]
[Round "6.5"]
[White "Nissen, Jens"]
[Black "Zellner, Richard"]
[Result "1-0"]
[WhiteElo "2073"]
[BlackElo "2126"]
[PlyCount "63"]
[EventDate "2006.10.15"]
[EventType "team-tourn"]
[EventRounds "9"]
[EventCountry "GER"]
[SourceTitle "EXT 2008"]
[Source "ChessBase"]
[SourceDate "2007.11.25"]
[SourceVersion "1"]
[SourceVersionDate "2007.11.25"]
[SourceQuality "1"]
[WhiteTeam "Muenchen Sendling"]
[BlackTeam "Muenchen Schwabing"]
[WhiteTeamCountry "GER"]
[BlackTeamCountry "GER"]

1. e4 c5 2. Nf3 d6 3. d4 cxd4 4. Qxd4 Nc6 5. Bb5 Bd7 6. Bxc6 Bxc6 7. Nc3 Nf6 8. Bg5 e6 9. 0-0-0 Be7 10. Kb1 0-0 11. Rhe1 Qa5 12. Qd2 Qb4 13. Nd5 Nxd5 14. Qxb4 Nxb4 15. Bxe7 Rfc8 16. c3 Na6 17. Bxd6 Be8 18. Nd4 Nc5 19. e5 Na4 20. f4 a5 21. Rc1 Nb6 22. f5 exf5 23. Nxf5 Rc4 24. b3 Rg4 25. Ne7+ Kh8 26. g3 a4 27. Kb2 Bd7 28. Bc5 axb3 29. axb3 Re8 30. Rcd1 Bb5 31. c4 Ba6 32. Bxb6 1-0

[Event "Regionalliga SW 0607"]
[Site "Bayern"]
[Date "2006.11.19"]
[Round "3.3"]
[White "Zellner, Richard"]
[Black "Urankar, Hans Peter"]
[Result "1-0"]
[WhiteElo "2126"]
[BlackElo "2187"]
[PlyCount "43"]
[EventDate "2006.10.15"]
[EventType "team-tourn"]
[EventRounds "9"]
[EventCountry "GER"]
[SourceTitle "EXT 2008"]
[Source "ChessBase"]
[SourceDate "2007.11.25"]
[SourceVersion "1"]
[SourceVersionDate "2007.11.25"]
[SourceQuality "1"]
[WhiteTeam "Muenchen Schwabing"]
[BlackTeam "Unterhaching"]
[WhiteTeamCountry "GER"]
[BlackTeamCountry "GER"]

1. Nf3 d6 2. d4 f5 3. Nc3 Nf6 4. Bg5 d5 5. e3 c6 6. Bd3 g6 7. h4 Bg7 8. Ne5 0-0 9. f4 Nbd7 10. Qf3 Nh5 11. 0-0-0 Qe8 12. Ne2 h6 13. Qh3 hxg5 14. hxg5 Nxe5 15. fxe5 Bd7 16. Rdf1 e6 17. Qh4 Rc8 18. g4 fxg4 19. Rf6 Rxf6 20. gxf6 Rc7 21. Qg5 Qd8 22. f7+ 1-0

[Event "Regionalliga SW 0607"]
[Site "Bayern"]
[Date "2006.10.29"]
[Round "2.4"]
[White "Zellner, Richard"]
[Black "Rajic, Ivica"]
[Result "0-1"]
[WhiteElo "2126"]
[BlackElo "2062"]
[PlyCount "76"]
[EventDate "2006.10.15"]
[EventType "team-tourn"]
[EventRounds "9"]
[EventCountry "GER"]
[SourceTitle "EXT 2008"]
[Source "ChessBase"]
[SourceDate "2007.11.25"]
[SourceVersion "1"]
[SourceVersionDate "2007.11.25"]
[SourceQuality "1"]
[WhiteTeam "Muenchen Schwabing"]
[BlackTeam "Bayern Muenchen III"]
[WhiteTeamCountry "GER"]
[BlackTeamCountry "GER"]

1. Nf3 Nf6 2. d4 d5 3. c4 c6 4. Nc3 g6 5. cxd5 cxd5 6. Bf4 a6 7. e3 Bg7 8. Qa4+ Nc6 9. Ne5 Bd7 10. Qb3 Bc8 11. Be2 0-0 12. 0-0 e6 13. Rac1 Na5 14. Qa3 b5 15. Qc5 Nc4 16. b3 Nxe5 17. Bxe5 Nd7 18. Qc6 Nxe5 19. Qxa8 Qb6 20. Nxd5 exd5 21. Rxc8 Nd7 22. Rxf8+ Bxf8 23. Qxd5 Nf6 24. Qe5 Bd6 25. Qg5 Kg7 26. Bd3 Qc7 27. Qh4 h6 28. Qh3 Qc3 29. Bb1 h5 30. Qf3 Ng4 31. g3 f5 32. Qb7+ Bc7 33. Qxa6 h4 34. Qe6 hxg3 35. hxg3 Bxg3 36. Bxf5 gxf5 37. Qxf5 Bxf2+ 38. Rxf2 Qe1+ 0-1

[Event "Regionalliga SW 0607"]
[Site "Bayern"]
[Date "2006.10.15"]
[Round "1.4"]
[White "Koch, Enrico"]
[Black "Zellner, Richard"]
[Result "0-1"]
[WhiteElo "2031"]
[BlackElo "2126"]
[PlyCount "48"]
[EventDate "2006.10.15"]
[EventType "team-tourn"]
[EventRounds "9"]
[EventCountry "GER"]
[SourceTitle "EXT 2008"]
[Source "ChessBase"]
[SourceDate "2007.11.25"]
[SourceVersion "1"]
[SourceVersionDate "2007.11.25"]
[SourceQuality "1"]
[WhiteTeam "Muenchen Tarrasch II"]
[BlackTeam "Muenchen Schwabing"]
[WhiteTeamCountry "GER"]
[BlackTeamCountry "GER"]

1. Nf3 Nf6 2. c4 c6 3. g3 d5 4. Bg2 dxc4 5. Qc2 Be6 6. Ng5 Bd5 7. e4 h6 8. exd5 hxg5 9. dxc6 Nxc6 10. Qxc4 Rc8 11. Na3 Qd7 12. Qa4 Qe6+ 13. Kf1 Qf5 14. Qb5 e5 15. d4 Ng4 16. f4 gxf4 17. gxf4 a6 18. Bxc6+ Rxc6 19. Qe2 Bxa3 20. bxa3 Rxc1+ 21. Rxc1 Qxf4+ 22. Kg2 Rxh2+ 23. Rxh2 Qxh2+ 24. Kf3 Qh3+ 0-1

[Event "Landesliga Sued 0506"]
[Site "Bayern"]
[Date "2005.12.11"]
[Round "4.3"]
[White "Zellner, Richard"]
[Black "Pitschka, Claus"]
[Result "1/2-1/2"]
[WhiteElo "2147"]
[BlackElo "2188"]
[PlyCount "36"]
[EventDate "2005.10.23"]
[EventType "team-tourn"]
[EventRounds "9"]
[EventCountry "GER"]
[SourceTitle "EXT 2007"]
[Source "ChessBase"]
[SourceDate "2006.11.23"]
[SourceVersion "1"]
[SourceVersionDate "2006.11.23"]
[SourceQuality "1"]
[WhiteTeam "Schwabing SG Nord"]
[BlackTeam "Garching"]
[WhiteTeamCountry "GER"]
[BlackTeamCountry "GER"]

1. Nf3 d5 2. e3 Nf6 3. c4 c6 4. Nc3 a6 5. d4 b5 6. b3 Bg4 7. Be2 e6 8. 0-0 Nbd7 9. h3 Bh5 10. Bb2 Be7 11. Ne5 Bxe2 12. Nxe2 Nxe5 13. dxe5 Nd7 14. cxd5 cxd5 15. e4 dxe4 16. Ng3 e3 17. fxe3 Bc5 18. Ne4 0-0 1/2-1/2